[Event "Superettan(Malmo-Kamraterna)"]
[Site "?"]
[Date "2016.01.16"]
[Round "4"]
[White "Berggren, Jonatan"]
[Black "Axelsson, Uno"]
[Result "1-0"]
[WhiteElo "2159"]
[BlackElo "2084"]
[PlyCount "85"]
[EventDate "2016.??.??"]
1. e4 e6 2. d3 d5 3. Nd2 c5 4. Ngf3 Nc6 5. g3 Bd6 6. Bg2 Nge7 7. O-O O-O 8. Re1
f6 9. c3 Rb8 10. h4 b5 11. a3 a5 12. h5 Qe8 13. h6 g5 14. d4 cxd4 15. exd5 exd5
16. Nxd4 Nxd4 17. Bxd5+ Kh8 18. cxd4 Qg6 19. Bg2 Qxh6 20. Ne4 Nf5 21. Bd2 b4
22. Nxd6 Nxd6 23. axb4 axb4 24. Ra4 Rd8 25. Rxb4 Bh3 26. Bh1 Bf5 27. Qb3 Rbc8
28. Bc3 Qg6 29. Rb6 Ne4 30. Bxe4 Bxe4 31. Qe6 Bd5 32. Qxf6+ Qxf6 33. Rxf6 Kg7
34. Ra6 h6 35. Re7+ Kf8 36. Re5 Kg7 37. f4 gxf4 38. gxf4 Rd7 39. Rh5 Rf8 40.
Raxh6 Be4 41. d5+ Kf7 42. Rf6+ Ke8 43. Re5+ 1-0

[Event "Superettan(Rockaden,Umea-Vasteras II)"]
[Site "?"]
[Date "2016.01.16"]
[Round "4"]
[White "Johansson, David"]
[Black "Kimari, Patrick"]
[Result "1-0"]
[WhiteElo "2144"]
[BlackElo "2089"]
[PlyCount "75"]
[EventDate "2016.??.??"]
1. e4 c5 2. c3 d5 3. exd5 Qxd5 4. d4 Nc6 5. Nf3 Bg4 6. Be2 cxd4 7. cxd4 e5 8.
Nc3 Bb4 9. O-O Bxc3 10. bxc3 exd4 11. cxd4 Nge7 12. Ba3 O-O 13. h3 Bh5 14. Re1
Rfe8 15. Rb1 Qxa2 16. Qa4 Bxf3 17. Bxf3 Nxd4 18. Rxb7 Nec6 19. Rxe8+ Rxe8 20.
Bxc6 Ne2+ 21. Kh2 Qa1 22. h4 h5 23. Bd6 Qg1+ 24. Kh3 Qh1+ 25. Bh2 Ng1+ 26. Kg3
Ne2+ 27. Kf3 Re6 28. Rb8+ Kh7 29. Be4+ g6 30. Kxe2 Qxg2 31. Re8 Qg4+ 32. Kd3
Rb6 33. Be5 f6 34. Re7+ Kh6 35. Bd4 Rb1 36. Be3+ g5 37. hxg5+ fxg5 38. Qc6+ 1-0

[Event "Superettan(Upsala-Solna)"]
[Site "?"]
[Date "2016.01.16"]
[Round "4"]
[White "Johansson, Carl Fredrik"]
[Black "Wallgren, Ulf"]
[Result "1-0"]
[WhiteElo "2170"]
[BlackElo "2151"]
[PlyCount "71"]
[EventDate "2016.??.??"]
1. d4 f5 2. Nf3 Nf6 3. g3 g6 4. c3 Bg7 5. Qb3 e6 6. Bg2 O-O 7. h4 Qe7 8. Bg5 h6
9. Ne5 hxg5 10. Nxg6 Qd6 11. Nxf8 Bxf8 12. hxg5 Ne4 13. Bxe4 fxe4 14. Nd2 Qd5
15. Qc2 Qxg5 16. Nxe4 Qg7 17. Nf6+ Kf7 18. Rh7 Kxf6 19. Rxg7 Bxg7 20. O-O-O Nc6
21. e4 d6 22. f4 Bd7 23. g4 Rf8 24. Rf1 Ke7 25. g5 Kd8 26. f5 exf5 27. exf5
Bxd4 28. cxd4 Nxd4 29. Qe4 Nxf5 30. g6 Re8 31. Qg4 Rf8 32. g7 Rg8 33. Rxf5 Bxf5
34. Qxf5 Rxg7 35. Qf8+ Kd7 36. Qxg7+ 1-0

[Event "Superettan(Orgryte-Vaxjo)"]
[Site "?"]
[Date "2016.01.16"]
[Round "4"]
[White "Carstensen, Jacob"]
[Black "Arnelind, Mikael"]
[Result "1-0"]
[WhiteElo "2354"]
[BlackElo "2194"]
[PlyCount "95"]
[EventDate "2016.??.??"]
1. Nf3 Nf6 2. c4 e6 3. Nc3 d5 4. d4 c6 5. e3 Nbd7 6. Bd3 Be7 7. O-O Qc7 8. b3
a6 9. Bb2 b5 10. cxd5 cxd5 11. Rc1 Qb8 12. Ne5 Nxe5 13. dxe5 Nd7 14. Qg4 g6 15.
Ne2 Bb7 16. f4 Nc5 17. Bb1 b4 18. Bd4 h5 19. Qh3 Ne4 20. Bxe4 dxe4 21. Bc5 Bxc5
22. Rxc5 Qd8 23. Nd4 Qb6 24. Rfc1 Rd8 25. Qh4 O-O 26. Qf6 Rd5 27. Rxd5 Bxd5 28.
f5 Qd8 29. Qxd8 Rxd8 30. f6 Ra8 31. Kf2 a5 32. Kg3 a4 33. h4 Kf8 34. Rc5 Ke8
35. Rb5 axb3 36. axb3 Kd7 37. Rxb4 Kc7 38. Ra4 Rb8 39. Kf4 Rb7 40. Ra8 Rxb3 41.
Rf8 Rb2 42. Rxf7+ Kd8 43. Kg3 Bc4 44. Rg7 Ke8 45. Rxg6 Bf1 46. Rg8+ Kf7 47.
Rg7+ Ke8 48. Re7+ 1-0

[Event "Superettan(Schack 08-Rockaden,Sthlm II)"]
[Site "?"]
[Date "2016.01.16"]
[Round "4"]
[White "Berovski, Krum"]
[Black "Ingbrant, Johan"]
[Result "1-0"]
[WhiteElo "2316"]
[BlackElo "2369"]
[PlyCount "113"]
[EventDate "2016.??.??"]
1. d4 d5 2. c4 c6 3. Nc3 e6 4. e3 Bd6 5. Bd3 f5 6. Qh5+ g6 7. Qe2 Nf6 8. Nf3
Nbd7 9. cxd5 exd5 10. Ng5 Qe7 11. f3 Nb6 12. O-O O-O 13. Bd2 Bd7 14. Rae1 Rae8
15. Nh3 Bc8 16. Kh1 Qc7 17. g3 Ne4 18. Qg2 Nxd2 19. Qxd2 Qg7 20. f4 Nc4 21. Qc1
Re7 22. Re2 Rfe8 23. Rfe1 Bb4 24. Ng5 Nd6 25. Nf3 h6 26. Ne5 Nf7 27. a3 Ba5 28.
b4 Bb6 29. a4 Be6 30. a5 Bd8 31. Na4 Rc7 32. Rc2 a6 33. Nc5 Nxe5 34. fxe5 Bc8
35. Rf2 h5 36. Qc2 Bg5 37. Qe2 h4 38. Rg2 h3 39. Rf2 Qh6 40. Rf3 Rg7 41. Ref1
Be7 42. Qf2 Bxc5 43. bxc5 Be6 44. Rf4 Qg5 45. Rh4 Rh7 46. Rxh7 Kxh7 47. Qf4 Kh6
48. Qh4+ Qxh4 49. gxh4 Kg7 50. Rf4 Rh8 51. Kg1 g5 52. hxg5 Rh5 53. Kf2 Rxg5 54.
Bf1 Rg4 55. Rxg4+ fxg4 56. Kg3 Kg6 57. Kh4 1-0

[Event "Superettan(Orgryte-Vaxjo)"]
[Site "?"]
[Date "2016.01.16"]
[Round "4"]
[White "Kumar, Rahul"]
[Black "Rydstrom, Tom"]
[Result "1/2-1/2"]
[WhiteElo "2176"]
[BlackElo "2307"]
[PlyCount "131"]
[EventDate "2016.??.??"]
{Orgryte-Vaxjo} 1. g3 e5 2. Bg2 d5 3. d3 Nc6 4. Nc3 d4 5. Nb5 Be6 6. a4 a6 7.
Na3 Bd5 8. Nf3 h5 9. h3 Bd6 10. c3 Nge7 11. Bd2 Ng6 12. h4 Qe7 13. c4 Be6 14.
Ng5 Bg4 15. Qb3 Nd8 16. Ne4 Bd7 17. Nc2 c5 18. Qb6 Bc6 19. Nxd6+ Qxd6 20. b4
Qd7 21. Bh3 Qe7 22. f3 O-O 23. b5 Be8 24. Bg5 f6 25. Bc1 e4 26. fxe4 Bf7 27.
Ba3 Qe5 28. Rg1 Be6 29. Bf5 Bxf5 30. exf5 Re8 31. O-O-O Qxf5 32. Qxc5 Re5 33.
Qxd4 axb5 34. e4 Qc8 35. axb5 Ne6 36. Qd6 Nc7 37. Bb2 Re6 38. Qb4 Ne5 39. Kb1
Ng4 40. Nd4 Re8 41. Nf5 Qe6 42. Qc5 Qd7 43. Rge1 Rad8 44. Ba3 g6 45. Ne7+ Kf7
46. Nd5 Ne6 47. Qb6 Kg8 48. Rf1 Ra8 49. Bb4 Ra4 50. Bc3 Rf8 51. Rxf6 Nxf6 52.
Nxf6+ Rxf6 53. Bxf6 Rxc4 54. dxc4 Qxd1+ 55. Kb2 Qe2+ 56. Kb3 Qd1+ 57. Ka2 Qa4+
58. Kb1 Qb3+ 59. Ka1 Qa3+ 60. Kb1 Qb3+ 61. Bb2 Qd1+ 62. Bc1 Qb3+ 63. Ka1 Qa4+
64. Kb2 Qb4+ 65. Ka1 Qa4+ 66. Kb2 {Qb4

[Event "Superettan(Schack 08-Rockaden,Sthlm II)"]
[Site "?"]
[Date "2016.01.16"]
[Round "4"]
[White "Renman, Nils-Gustaf"]
[Black "Bryntze, Stefan"]
[Result "1-0"]
[WhiteElo "2343"]
[BlackElo "2166"]
[PlyCount "61"]
[EventDate "2016.??.??"]
1. d4 b6 2. c4 e6 3. Nf3 f5 4. g3 Bb4+ 5. Bd2 Bxd2+ 6. Qxd2 Nf6 7. Bg2 Bb7 8.
O-O O-O 9. Nc3 Qe7 10. d5 Na6 11. Nd4 Ne8 12. dxe6 Bxg2 13. Kxg2 dxe6 14. Qe3
Nd6 15. b3 Rae8 16. Nc6 Qf6 17. Rad1 f4 18. gxf4 Qh6 19. Qh3 Qxf4 20. Rd4 Qg5+
21. Rg4 Qc5 22. Nd4 h5 23. Rh4 Nf5 24. Nxf5 Rxf5 25. e4 Rg5+ 26. Kh1 Qa5 27. f4
Rc5 28. e5 g6 29. Qd3 Kf7 30. Rxh5 Rd8 31. Rh7+ 1-0

[Event "Superettan(Orgryte-Vaxjo)"]
[Site "?"]
[Date "2016.01.16"]
[Round "4"]
[White "Lindahl, Emil"]
[Black "Ziegler, Ari"]
[Result "0-1"]
[WhiteElo "2229"]
[BlackElo "2295"]
[PlyCount "74"]
[EventDate "2016.??.??"]
1. d4 Nf6 2. c4 g6 3. Nc3 Bg7 4. g3 O-O 5. Bg2 d6 6. Nf3 Nc6 7. O-O a6 8. e4
Bg4 9. Be3 Nd7 10. h3 Bxf3 11. Bxf3 e5 12. dxe5 dxe5 13. Ne2 Re8 14. Qd2 Nf8
15. Rad1 Ne6 16. Bg2 Bf8 17. Qc3 Qe7 18. f4 Rad8 19. fxe5 Bg7 20. Nf4 Bxe5 21.
Qc2 Ncd4 22. Qf2 c6 23. b3 b5 24. Nd5 cxd5 25. cxd5 Bxg3 26. Qb2 Bb8 27. dxe6
Nxe6 28. Rxd8 Rxd8 29. Qf2 Be5 30. Bf3 Rd3 31. Kg2 Nf4+ 32. Bxf4 Bxf4 33. Re1
Qg5+ 34. Kh1 Bg3 35. Qg2 Rxf3 36. Qxf3 Bxe1 37. Qd1 Qe3 0-1

[Event "Superettan(Schack 08-Rockaden,Sthlm II)"]
[Site "?"]
[Date "2016.01.16"]
[Round "4"]
[White "Krzymowski, Alfred"]
[Black "Laveryd, Peter"]
[Result "0-1"]
[WhiteElo "2081"]
[BlackElo "2386"]
[PlyCount "70"]
[EventDate "2016.??.??"]
1. e4 Nc6 2. Nf3 d6 3. Nc3 Nf6 4. Bc4 Bg4 5. h3 Bxf3 6. Qxf3 Ne5 7. Qe2 Nxc4 8.
Qxc4 c6 9. O-O d5 10. Qb3 Qd7 11. e5 Ng8 12. d4 e6 13. Na4 b6 14. Bg5 h6 15.
Bd2 Ne7 16. Bb4 c5 17. dxc5 Nc6 18. c3 b5 19. Rfe1 bxa4 20. Qc2 Be7 21. Rac1
O-O 22. f4 a5 23. Ba3 Qa7 24. Qf2 Rac8 25. f5 exf5 26. Rcd1 Nd8 27. Rxd5 Ne6
28. Red1 Bxc5 29. Rxc5 Rxc5 30. Rd5 Rfc8 31. Bxc5 Rxc5 32. Kh2 f4 33. Rd6 Qc7
34. Qd2 f3 35. gxf3 Rxe5 0-1

[Event "Superettan(Orgryte-Vaxjo)"]
[Site "?"]
[Date "2016.01.16"]
[Round "4"]
[White "Fransson, Percy"]
[Black "Lekander, Rolf"]
[Result "1-0"]
[WhiteElo "2121"]
[BlackElo "2224"]
[PlyCount "99"]
[EventDate "2016.??.??"]
1. e4 c5 2. c3 d5 3. d3 Nc6 4. Nd2 Nf6 5. Ngf3 e5 6. g3 Be7 7. Bg2 O-O 8. O-O
dxe4 9. dxe4 Qc7 10. Qc2 b6 11. Re1 h6 12. Nc4 Be6 13. Ne3 Rad8 14. Nf5 Bxf5
15. exf5 Rfe8 16. Nxe5 Nxe5 17. Rxe5 Rd1+ 18. Qxd1 Qxe5 19. Bf4 Qxf5 20. Qa4
Bf8 21. Be3 a5 22. Rd1 Qc8 23. Qc6 Qxc6 24. Bxc6 Rc8 25. Bf3 Be7 26. c4 Rd8 27.
Rxd8+ Bxd8 28. Bf4 Nh7 29. h4 Nf8 30. Bd5 Ng6 31. Bb8 Ne7 32. h5 Nf5 33. g4 Nd4
34. Kg2 Ne6 35. Bxe6 fxe6 36. Kf3 Kf7 37. Ke4 Ke8 38. f4 Kd7 39. Be5 Bf6 40. b3
Kd8 41. g5 Bxe5 42. Kxe5 Ke7 43. a3 Kd7 44. gxh6 gxh6 45. Kf6 Kd6 46. a4 Kd7
47. Kg6 Ke7 48. Kg7 Ke8 49. Kxh6 Kf7 50. Kg5 1-0

[Event "Superettan(Schack 08-Rockaden,Sthlm II)"]
[Site "?"]
[Date "2016.01.16"]
[Round "4"]
[White "Schutz, Ingemar"]
[Black "Bit-Narva, David"]
[Result "0-1"]
[WhiteElo "2213"]
[BlackElo "2096"]
[PlyCount "90"]
[EventDate "2016.??.??"]
1. e4 g6 2. d4 Bg7 3. Nc3 d6 4. f4 a6 5. Nf3 Nd7 6. Bc4 e6 7. f5 Nb6 8. Bd3
exf5 9. exf5 Ne7 10. fxg6 fxg6 11. Bg5 O-O 12. Qe2 Qd7 13. Ne4 Ned5 14. Qd2 Qe8
15. O-O Bg4 16. c4 Bxf3 17. gxf3 Bxd4+ 18. Kh1 Nf6 19. Rae1 Qd7 20. Bh6 Rfe8
21. Qf4 Nxe4 22. Bxe4 c5 23. b3 d5 24. cxd5 Nxd5 25. Qg5 Re5 26. Qg3 Rh5 27.
Bg5 Nc3 28. Bd3 Nd5 29. Bc4 Kh8 30. Rd1 Qf5 31. Bc1 Nb6 32. Bd3 Qf6 33. Be4 Nd5
34. Rd3 Be5 35. f4 Bd4 36. Qf3 Nb4 37. Rd2 Re8 38. Rg2 Qe6 39. Bxb7 Qd7 40. a3
Rh3 41. Rg3 Rxg3 42. Qxg3 Qxb7+ 43. Qf3 Qxf3+ 44. Rxf3 Re1+ 45. Kg2 Na2 0-1

[Event "Superettan(Orgryte-Vaxjo)"]
[Site "?"]
[Date "2016.01.16"]
[Round "4"]
[White "Gutzmann, Tobias"]
[Black "Fransson, Patrick"]
[Result "1/2-1/2"]
[WhiteElo "2155"]
[BlackElo "2108"]
[PlyCount "96"]
[EventDate "2016.??.??"]
1. d4 d5 2. c4 c6 3. cxd5 cxd5 4. Nc3 Nf6 5. Bf4 Nc6 6. e3 e6 7. Bd3 Bd6 8.
Nge2 O-O 9. O-O h6 10. Rc1 Re8 11. Bb1 Nh7 12. Bxd6 Qxd6 13. e4 dxe4 14. Bxe4
Nf6 15. Nb5 Qb8 16. Bf3 Rd8 17. Qc2 Bd7 18. Qc5 Be8 19. Rfd1 Nd5 20. g3 a6 21.
Nbc3 Nce7 22. Nxd5 Nxd5 23. Nc3 Bc6 24. Nxd5 Bxd5 25. Bxd5 Rxd5 26. Qe7 b5 27.
Rc7 Qf8 28. Qxf8+ Rxf8 29. Rc6 a5 30. b3 Rfd8 31. Ra6 b4 32. Ra7 e5 33. Re1
exd4 34. Ree7 Rf5 35. Red7 Rxd7 36. Rxd7 Rc5 37. Rxd4 Rc2 38. a3 bxa3 39. Ra4
a2 40. Kg2 Kf8 41. Rxa5 Ke7 42. Ra6 Rb2 43. b4 Kd7 44. b5 g5 45. g4 Kc7 46. Kg3
Kb7 47. Kg2 Rc2 48. Kg3 Rb2 1/2-1/2

[Event "Superettan(Schack 08-Rockaden,Sthlm II)"]
[Site "?"]
[Date "2016.01.16"]
[Round "4"]
[White "Sandbom, Jonas"]
[Black "Rosberg, Simon"]
[Result "0-1"]
[WhiteElo "2097"]
[BlackElo "2317"]
[PlyCount "48"]
[EventDate "2016.??.??"]
1. e4 c5 2. Nf3 e6 3. d4 cxd4 4. Nxd4 Nc6 5. Nc3 Qc7 6. Nxc6 dxc6 7. Bd3 e5 8.
O-O Ne7 9. f4 exf4 10. Bxf4 Qb6+ 11. Kh1 Be6 12. Qe1 Ng6 13. Nd5 cxd5 14. exd5
Nxf4 15. Rxf4 Qd6 16. Bb5+ Kd8 17. Re4 Bd7 18. Re8+ Bxe8 19. Qxe8+ Kc7 20. Qxa8
a6 21. Rf1 f6 22. Re1 axb5 23. Re8 Qxd5 24. Qc8+ Kb6 0-1

[Event "Superettan(Orgryte-Vaxjo)"]
[Site "?"]
[Date "2016.01.16"]
[Round "4"]
[White "Anderzen, Robert"]
[Black "Moren, Bjorn"]
[Result "1/2-1/2"]
[WhiteElo "2033"]
[BlackElo "2119"]
[PlyCount "54"]
[EventDate "2016.??.??"]
1. d4 d5 2. c4 dxc4 3. Nf3 Nf6 4. e3 Bg4 5. Bxc4 e6 6. h3 Bh5 7. Nc3 Nc6 8. Bb5
Bb4 9. Qa4 Bxc3+ 10. bxc3 Bxf3 11. gxf3 Qd5 12. Be2 O-O 13. Rg1 Qh5 14. Qb5
Qxh3 15. Qg5 Ne8 16. Ba3 f6 17. Qb5 Qh2 18. Kd2 Nd6 19. Qb3 Nd8 20. Rh1 Qxf2
21. Raf1 Qg2 22. Rfg1 Qf2 23. Rf1 Qg2 24. Rfg1 Qf2 25. Rf1 Qg2 26. Rfg1 Qf2 27.
Rf1 Qg2 1/2-1/2

[Event "Superettan(Schack 08-Rockaden,Sthlm II)"]
[Site "?"]
[Date "2016.01.16"]
[Round "4"]
[White "Faldt, Magnus"]
[Black "Backman, Michael"]
[Result "0-1"]
[WhiteElo "2185"]
[BlackElo "2053"]
[PlyCount "78"]
[EventDate "2016.??.??"]
1. d4 Nf6 2. c4 g6 3. Nc3 Bg7 4. e4 d6 5. Nf3 O-O 6. h3 Nbd7 7. Bg5 c5 8. d5
Ne5 9. Nd2 Ne8 10. f4 Nd7 11. Bd3 f6 12. Bh4 g5 13. fxg5 Ne5 14. Nf3 Ng6 15.
gxf6 Nxf6 16. Bf2 Nh5 17. g3 e6 18. Ng1 Rxf2 19. Kxf2 Bd4+ 20. Kg2 Qg5 21. Qg4
Qd2+ 22. Nge2 Ng7 23. Rhd1 Qh6 24. h4 Be3 25. Rf1 Ne5 26. Qh3 exd5 27. g4 Bxg4
28. Qh2 Nxd3 29. Nxd5 Bxe2 30. Rf6 Qh5 31. Nxe3 Qe8 32. Kg1 Bh5 33. Raf1 Qxe4
34. Qg3 Bg6 35. Nd5 Nh5 36. Rxg6+ Qxg6 37. Ne7+ Kg7 38. Nf5+ Kf6 39. Nxd6+ Nhf4
0-1

[Event "Superettan(Orgryte-Vaxjo)"]
[Site "?"]
[Date "2016.01.16"]
[Round "4"]
[White "Neretljak, Nedzad"]
[Black "Gromark, Per-Olof"]
[Result "1-0"]
[WhiteElo "2037"]
[BlackElo "1981"]
[PlyCount "181"]
[EventDate "2016.??.??"]
1. e4 c5 2. Nf3 e6 3. c3 Nf6 4. Bd3 Nc6 5. Bc2 Qc7 6. O-O Be7 7. Qe2 d6 8. d4
cxd4 9. cxd4 O-O 10. Nc3 a6 11. e5 dxe5 12. dxe5 Nd7 13. Bg5 Ndxe5 14. Nxe5
Bxg5 15. Nxc6 bxc6 16. f4 Bf6 17. Ne4 Bd4+ 18. Kh1 g6 19. Rad1 c5 20. Rf3 Bb7
21. Rh3 Kg7 22. Ng5 h6 23. Bxg6 hxg5 24. Rh7+ Kg8 25. Bc2 Qc6 26. fxg5 Qxg2+
27. Qxg2 Bxg2+ 28. Kxg2 Rad8 29. Re1 Bxb2 30. Re2 Rd5 31. h4 Rfd8 32. g6 fxg6
33. Rh6 Rd2 34. Rxg6+ Kf7 35. Rgxe6 Rxe2+ 36. Rxe2 Bd4 37. Bb3+ Kf8 38. h5 Rd6
39. Kg3 Kg7 40. Kg4 Kh6 41. Re7 Bf6 42. Rc7 Rd4+ 43. Kf5 Bd8 44. Rc6+ Kxh5 45.
Bf7+ Kh4 46. Rxa6 Bg5 47. Be6 Rf4+ 48. Ke5 Rd4 49. Ra3 Bf4+ 50. Kf6 Bg3 51. Rc3
Rf4+ 52. Kg6 Re4 53. Bf5 Rd4 54. Rxc5 Rd6+ 55. Kf7 Ra6 56. Be6 Bd6 57. Rb5 Kg3
58. Bc4 Rc6 59. Bb3 Kf4 60. Ke8 Rc7 61. Kd8 Ra7 62. Rd5 Ba3 63. Kc8 Ke4 64. Rd1
Rg7 65. Bc4 Ra7 66. Kb8 Rg7 67. Rd3 Bc5 68. Rd5 Ba7+ 69. Ka8 Bd4 70. Ra5 Bb6
71. Ra6 Bc5 72. a4 Kd4 73. Bb5 Kc3 74. Rh6 Kb4 75. Kb8 Ka5 76. Kc8 Ra7 77. Rh5
Kb4 78. Bc6 Rg7 79. Bd7 Bd6 80. a5 Rg8+ 81. Kb7 Rb8+ 82. Kc6 Bg3 83. a6 Bf2 84.
Rh2 Rb6+ 85. Kd5 Rxa6 86. Rxf2 Ra5+ 87. Kd4 Rh5 88. Rb2+ Ka5 89. Be6 Rh4+ 90.
Kc5 Rh5+ 91. Bd5 1-0

[Event "Superettan(Schack 08-Rockaden,Sthlm II)"]
[Site "?"]
[Date "2016.01.16"]
[Round "4"]
[White "Bednarski, Dawid"]
[Black "Ottenklev, Niclas"]
[Result "0-1"]
[WhiteElo "1986"]
[BlackElo "2204"]
[PlyCount "102"]
[EventDate "2016.??.??"]
1. e4 e6 2. d4 d5 3. exd5 exd5 4. Bd3 Nc6 5. Ne2 Bd6 6. Nbc3 Nge7 7. Nb5 Bg4 8.
f3 Bf5 9. c3 Qd7 10. Nxd6+ Qxd6 11. Bf4 Qd7 12. O-O h6 13. Bxf5 Nxf5 14. Qd3
O-O-O 15. Ng3 Nh4 16. b4 f5 17. Bd2 Qf7 18. f4 Kb8 19. a4 Ne7 20. a5 Nc8 21. b5
Nd6 22. Ne2 Nc4 23. g3 Ng6 24. Nc1 h5 25. h4 Nf8 26. Nb3 Nd7 27. Rfe1 g6 28.
Be3 Nf6 29. Bf2 Ne4 30. Nc5 Rhe8 31. b6 cxb6 32. axb6 axb6 33. Na4 Rd6 34. Qc2
Rde6 35. Nb2 Nxb2 36. Qxb2 Qe7 37. Qa3 Qxa3 38. Rxa3 Nxf2 39. Rxe6 Nh3+ 40. Kh2
Rxe6 41. Kxh3 Re2 42. Rb3 Kc7 43. Ra3 Kc6 44. Ra8 Re6 45. Kg2 Kb5 46. Kf2 Kc4
47. Ra3 b5 48. Ra7 Kxc3 49. Rxb7 b4 50. Rb5 b3 51. Rxd5 Rb6 0-1

[Event "Superettan(Orgryte-Vaxjo)"]
[Site "?"]
[Date "2016.01.16"]
[Round "4"]
[White "Blazekovic, Nina"]
[Black "Sevastianov, Andrii"]
[Result "0-1"]
[WhiteElo "1922"]
[BlackElo "2153"]
[PlyCount "60"]
[EventDate "2016.??.??"]
1. e4 e5 2. Nf3 Nc6 3. d4 exd4 4. Nxd4 Nf6 5. Nxc6 bxc6 6. e5 Qe7 7. Qe2 Nd5 8.
c4 Ba6 9. b3 Nb6 10. Nc3 Qe6 11. Qe4 Bb4 12. Bd2 Bxc3 13. Bxc3 d5 14. Qh4 dxc4
15. O-O-O O-O 16. Be2 Nd5 17. Bxc4 Bxc4 18. Qxc4 a5 19. Rhe1 a4 20. f4 axb3 21.
axb3 Rfb8 22. Kb2 Nxf4 23. Qxe6 Nxe6 24. Rd7 Nc5 25. Rxc7 Rxb3+ 26. Kc2 Ra2+
27. Bb2 Raxb2+ 28. Kd1 h6 29. Rxc6 Rb1+ 30. Kd2 R3b2+ 0-1

[Event "Superettan(Schack 08-Rockaden,Sthlm II)"]
[Site "?"]
[Date "2016.01.16"]
[Round "4"]
[White "Drugge, Patrick"]
[Black "Todorovic, Zoran"]
[Result "1-0"]
[WhiteElo "2188"]
[BlackElo "2076"]
[PlyCount "119"]
[EventDate "2016.??.??"]
1. e4 c5 2. Nc3 Nc6 3. g3 g6 4. Bg2 Bg7 5. d3 d6 6. f4 e6 7. Nf3 Nge7 8. O-O
O-O 9. Be3 Rb8 10. a4 b6 11. d4 f5 12. Bf2 h6 13. Qd2 a6 14. Rad1 Qc7 15. Rfe1
Rd8 16. exf5 Nxf5 17. d5 exd5 18. Nxd5 Qf7 19. c3 Kh7 20. h3 Nfe7 21. Nh4 Nf5
22. g4 Nfe7 23. Bg3 b5 24. axb5 axb5 25. Be4 Kh8 26. Bc2 Bf6 27. Qd3 Rg8 28.
Nxf6 Qxf6 29. Qxd6 Qxd6 30. Rxd6 Bb7 31. Nxg6+ Nxg6 32. Bxg6 Rbd8 33. f5 c4 34.
Ree6 Rxd6 35. Rxd6 Rd8 36. Rxd8+ Nxd8 37. f6 Kg8 38. Bf4 Nf7 39. Kf2 Bc8 40.
Ke3 Bd7 41. Kd4 Nh8 42. Be4 Kf7 43. Be5 Ng6 44. Bd5+ Ke8 45. Bd6 Nh8 46. Kc5
Nf7 47. Bc6 Kd8 48. Be7+ Ke8 49. Bxb5 Bxb5 50. Kxb5 Ne5 51. Kc5 Kf7 52. Kd5 Nd3
53. Kxc4 Nxb2+ 54. Kd5 Nd3 55. c4 Nf4+ 56. Kd6 Nxh3 57. c5 Ng5 58. c6 Ke8 59.
c7 Nf7+ 60. Kc6 1-0

[Event "Superettan(Malmo-Kamraterna)"]
[Site "?"]
[Date "2016.01.16"]
[Round "4"]
[White "Aberg, Anton"]
[Black "Hansen, Sune Berg"]
[Result "0-1"]
[WhiteElo "2382"]
[BlackElo "2574"]
[PlyCount "80"]
[EventDate "2016.??.??"]
1. e4 e5 2. Nf3 Nc6 3. d4 exd4 4. Nxd4 Bc5 5. Nb3 Bb6 6. Nc3 Nf6 7. Qe2 O-O 8.
Bg5 h6 9. Bh4 a5 10. O-O-O a4 11. Nd2 g5 12. Bg3 a3 13. b3 Re8 14. h4 Nd4 15.
Qd3 d5 16. hxg5 hxg5 17. f3 dxe4 18. fxe4 Bg4 19. Re1 Nc6 20. Nc4 Bc5 21. Nd5
Nb4 22. Nxb4 Bxb4 23. Nd2 Bxd2+ 24. Qxd2 Qxd2+ 25. Kxd2 Nxe4+ 26. Rxe4 Rxe4 27.
Bxc7 Re7 28. Bb6 Rd7+ 29. Bd3 Bf5 30. Re1 Bxd3 31. cxd3 Rc8 32. Re5 f6 33. Rb5
Kf7 34. Bc5 Rh8 35. Ke2 Rh2 36. Kf2 Rh1 37. Bxa3 Ra1 38. Bc5 Rxa2+ 39. Kg1 Rd2
40. d4 Kg6 0-1

[Event "Superettan(Rockaden,Umea-Vasteras II)"]
[Site "?"]
[Date "2016.01.16"]
[Round "4"]
[White "Orndahl, Markus"]
[Black "Petrov, Marijan"]
[Result "0-1"]
[WhiteElo "2164"]
[BlackElo "2465"]
[PlyCount "60"]
[EventDate "2016.??.??"]
1. Nf3 g6 2. d4 Bg7 3. Bf4 Nf6 4. e3 O-O 5. Be2 d6 6. h3 Nfd7 7. Nbd2 e5 8. Bh2
Nc6 9. c3 f5 10. h4 Qe7 11. Ng5 Nb6 12. Qb3+ Kh8 13. Ndf3 h6 14. O-O-O e4 15.
Nd2 d5 16. Nh3 Be6 17. Nf4 Bf7 18. g4 fxg4 19. Bxg4 Qe8 20. Rdg1 Na5 21. Qb4
Nac4 22. Nxc4 dxc4 23. Qa5 c6 24. Bh5 gxh5 25. Rxg7 Kxg7 26. Rg1+ Kh7 27. Qf5+
Bg6 28. Qc5 Bf5 29. Nxh5 Qxh5 30. Qe5 Rf7 0-1

[Event "Superettan(Upsala-Solna)"]
[Site "?"]
[Date "2016.01.16"]
[Round "4"]
[White "Johansson, Gunnar"]
[Black "Johansson, Jan"]
[Result "1/2-1/2"]
[WhiteElo "2218"]
[BlackElo "2368"]
[PlyCount "58"]
[EventDate "2016.??.??"]
1. d4 g6 2. e4 Bg7 3. c4 d6 4. Nf3 Bg4 5. Be2 Nc6 6. Be3 e5 7. d5 Bxf3 8. Bxf3
Nd4 9. Bxd4 exd4 10. Nd2 Ne7 11. O-O c5 12. dxc6 bxc6 13. b4 Rb8 14. a3 O-O 15.
Nb3 c5 16. b5 g5 17. Nc1 Ng6 18. Nd3 Re8 19. Re1 Qa5 20. Qc1 Bh6 21. Bg4 Rb7
22. Ra2 Rbe7 23. f3 Bg7 24. Qd2 Qc3 25. Rc1 Qxd2 26. Rxd2 Rb7 27. a4 Ne7 28.
Kf2 Rf8 29. Re2 Rfb8 1/2-1/2

[Event "Superettan(Malmo-Kamraterna)"]
[Site "?"]
[Date "2016.01.16"]
[Round "4"]
[White "Malekian, Babak"]
[Black "Hamark, Jesper"]
[Result "1/2-1/2"]
[WhiteElo "2245"]
[BlackElo "2325"]
[PlyCount "83"]
[EventDate "2016.??.??"]
1. d4 d5 2. c4 Nc6 3. e3 e5 4. cxd5 Qxd5 5. Nc3 Bb4 6. Bd2 Bxc3 7. bxc3 Nf6 8.
c4 Qd6 9. d5 Ne7 10. Qb1 O-O 11. e4 Nd7 12. Ne2 Nc5 13. Nc3 Qg6 14. Be3 b6 15.
Bxc5 bxc5 16. Qb5 f5 17. Qxc5 Rf7 18. f3 fxe4 19. fxe4 Bg4 20. Qe3 Raf8 21. Bd3
Qa6 22. Rf1 Qa3 23. Rc1 Ng6 24. Rxf7 Rxf7 25. Rc2 Nf4 26. Bf1 Bd7 27. Kd2 Qa5
28. Rc1 h6 29. Rb1 Kh7 30. Kc2 Rf8 31. Kb2 Rb8+ 32. Ka1 Rxb1+ 33. Kxb1 Qa3 34.
g3 Nh5 35. Be2 Nf6 36. Bd1 a5 37. Be2 Be8 38. Ka1 Kh8 39. Qd2 Qc5 40. Bd3 Qd4
41. Kb1 Bg6 42. Kc2 1/2-1/2

[Event "Superettan(Upsala-Solna)"]
[Site "?"]
[Date "2016.01.16"]
[Round "4"]
[White "Malm Lindberg, Henrik"]
[Black "Bergstrom, Christer"]
[Result "1/2-1/2"]
[WhiteElo "2223"]
[BlackElo "2351"]
[PlyCount "98"]
[EventDate "2016.??.??"]
1. e4 c5 2. Nf3 Nc6 3. d4 cxd4 4. Nxd4 e6 5. Nc3 a6 6. Be2 Qc7 7. O-O Nf6 8. a3
Nxd4 9. Qxd4 Bc5 10. Qd3 O-O 11. Bg5 b5 12. Bxf6 gxf6 13. Rad1 Rd8 14. Bf3 Qe5
15. b4 Bb6 16. Ne2 Bb7 17. c4 bxc4 18. Qxc4 Bc6 19. Nd4 Ba4 20. Rd2 Rdc8 21.
Qd3 a5 22. Bd1 axb4 23. axb4 Bxd4 24. Qxd4 Bb5 25. Qxe5 fxe5 26. Be2 Bxe2 27.
Rxe2 Rc4 28. b5 Rb4 29. f3 Kf8 30. Rd1 Ke7 31. Red2 Ra7 32. Kf2 Rxb5 33. Kg3
Rb4 34. Kh3 Rab7 35. Rc1 Rb2 36. Rxb2 Rxb2 37. Rc8 d5 38. Rc7+ Kf6 39. Kg3 Re2
40. exd5 exd5 41. Rc6+ Kf5 42. Rh6 d4 43. Rxh7 d3 44. Rh8 d2 45. Rd8 Kg6 46.
Rd6+ Kh5 47. h4 f6 48. Kh3 Kg6 49. g4 Rf2 1/2-1/2

[Event "Superettan(Rockaden,Umea-Schack 08)"]
[Site "?"]
[Date "2016.01.15"]
[Round "5"]
[White "Rosberg, Simon"]
[Black "Petrov, Marijan"]
[Result "1-0"]
[WhiteElo "2317"]
[BlackElo "2465"]
[PlyCount "63"]
[EventDate "2016.??.??"]
1. Nf3 g6 2. c4 Bg7 3. Nc3 d6 4. d4 Nf6 5. g3 O-O 6. Bg2 c6 7. O-O Qa5 8. Qc2
Qh5 9. Re1 e5 10. dxe5 dxe5 11. Nh4 Re8 12. e4 Na6 13. h3 g5 14. Bf3 g4 15.
hxg4 Bxg4 16. Bxg4 Qxg4 17. Kg2 Nb4 18. Qe2 Rad8 19. f3 Qe6 20. Rd1 Rxd1 21.
Nxd1 Rd8 22. Nf2 c5 23. Be3 Bf8 24. Nf5 Nc6 25. Rh1 Kh8 26. Nh3 Nd4 27. Bxd4
cxd4 28. Ng5 Qd7 29. f4 d3 30. Qd1 Nxe4 31. Rxh7+ Kg8 32. Rh8+ 1-0

[Event "Superettan(Rockaden,Umea-Schack 08)"]
[Site "?"]
[Date "2016.01.15"]
[Round "5"]
[White "Wickstrom, Lucas"]
[Black "Laveryd, Peter"]
[Result "1/2-1/2"]
[WhiteElo "2379"]
[BlackElo "2386"]
[PlyCount "81"]
[EventDate "2016.??.??"]
1. d4 Nf6 2. c4 c5 3. d5 a6 4. a4 e5 5. Nc3 d6 6. e4 g6 7. Bd3 Bg7 8. h3 O-O 9.
Nge2 Ne8 10. Qc2 f5 11. f4 Qh4+ 12. g3 Qe7 13. Bd2 fxe4 14. Nxe4 Bf5 15. Ng5
exf4 16. Bxf5 Rxf5 17. gxf4 Nd7 18. Ra3 Bd4 19. Kd1 Rxg5 20. fxg5 Ne5 21. h4
Ng7 22. Nf4 Qd7 23. Kc1 Qg4 24. Nd3 Nf5 25. Nxe5 Bxe5 26. Rah3 Ng3 27. Rxg3
Qxg3 28. Bc3 Qe3+ 29. Kb1 Bxc3 30. bxc3 Rf8 31. Rh2 Rf1+ 32. Ka2 Rc1 33. Qe2
Qxc3 34. Qe8+ Kg7 35. Qe7+ Kg8 36. Qd8+ Kg7 37. Qc7+ Kg8 38. Qc8+ Kg7 39. Qc7+
Kg8 40. Qb8+ Kg7 41. Qc7+ 1/2-1/2